Gummy Character Quiz (Updated for 2018) - Statistics

General Stats
  • This quiz has been taken 13 times
    10 since last reset
  • The average score is 14 of 65
Answer Stats
Hint Answer % Correct
Main character Gummy
100%
Best friend Blamo
43%
Blob Blobby
43%
Blobby Squad Blobby 1
43%
Blobby 2
43%
Blobby 3
43%
Blobby 4
43%
Blobby 5
43%
Blobby 6
43%
Bubble Bubbly
43%
Cloud guy Cloudy
43%
Dark Knight
43%
Dig Dude
43%
Baileys ripoff characters Diglet
43%
Tipsy Bucaneer Drunk Pirate
43%
EGG Eggy
43%
Police chief Joe
43%
Short hair Joey
43%
Dynamite Ka-Blamo
43%
Long hair Moey
43%
Oddi
43%
Sleepy guy Omniwave
43%
Dog Spotty
43%
Brauns character Zamo
43%
Cookie Agent Choc-Chip
29%
Boom Rang
29%
Avengers Alias' Gum Man
29%
Bully Gang Hades
29%
Parrot Parrot
29%
Talking game boy Typo
29%
Black Mist
14%
Bobby
14%
Chicken HQ Members Chifley
14%
Coach Coach Spike
14%
Devik
14%
DJ Quack
14%
Scientist that curses Gummy Doctor Magic
14%
Fluffy
14%
General General Yipps
14%
Pencil Led
14%
Zamo enemy/friend (who knows) Mad Moose
14%
History Teacher Mr Era
14%
Rival
14%
Butler, turns out bad lol Anthony
0%
Mailman Barry
0%
Black Phantom
0%
Blam Boy
0%
Criminal Bobby Robber
0%
Boom Box Boom Boom
0%
Diglets evil clone Dig Devil
0%
Rock villain Doctor Rocko
0%
Stall owner Dodgy
0%
Chicken HQ Enemy Drumstick
0%
Gummys cousin Gum Gum
0%
Fat comic store owner Jimmy Jones
0%
Librarian Mrs Glasses
0%
Rappers Nebula
0%
Masked enemy Ooka Looka
0%
President President Marphier
0%
Principal Principal Potato
0%
Science Teacher Professor Einsteine
0%
Avengers first Enemy Professor Grizweld
0%
Mustache scientist villain Professor Momo
0%
Thorn
0%
Zebula
0%
No matching quizzes found
Score Distribution
Percent of People with Each Score
Percentile by Number Answered
Your Score History
You have not taken this quiz since the last reset